书目信息 |
| 题名: |
知道点世界文学
|
|
| 作者: | 邱立坤 著 | |
| 分册: | 上册 | |
| 出版信息: | 北京 世界图书出版公司 2005.08 |
|
| 页数: | 226页 | |
| 开本: | 20cm | |
| 丛书名: | ||
| 单 册: | ||
| 中图分类: | I209 | |
| 科图分类: | ||
| 主题词: | 文学史--wen xue shi--世界 | |
| 电子资源: | ||
| ISBN: | 7-5062-6689-X | |
| 000 | 00797nam0 2200229 450 | |
| 001 | 012008712881 | |
| 005 | 20080316140636.85 | |
| 010 | @a7-5062-6689-X@dCNY14.90 | |
| 100 | @a20080316d2005 km y0chiy0120 ea | |
| 101 | 0 | @achi |
| 102 | @aCN@b110000 | |
| 105 | @aa z 000yy | |
| 106 | @ar | |
| 200 | 1 | @a知道点世界文学@Azhi dao dian shi jie wen xue@h上册@f邱立坤著@Fqiu li kun zhu |
| 210 | @a北京@c世界图书出版公司@d2005.08 | |
| 215 | @a226页@c图@d20cm | |
| 330 | @a本书主要介绍世界文学的基本常识。本书以小节的形式讲述某个人物、事件或名词,短小精悍但内容丰富而生动,图文并茂,配有100多幅相关的图片,并有详细的文字说明。 | |
| 606 | 0 | @a文学史@Awen xue shi@y世界 |
| 690 | @aI209@v4 | |
| 701 | 0 | @a邱立坤@Aqiu li kun@4著 |
| 801 | 0 | @aCN@bQSSK@c20080316 |
| 905 | @b20285121-24@dI209@eQ723:1@f4 | |
| 知道点世界文学.上册/邱立坤著.-北京:世界图书出版公司,2005.08 |
| 226页:图;20cm |
| ISBN 7-5062-6689-X:CNY14.90 |
| 本书主要介绍世界文学的基本常识。本书以小节的形式讲述某个人物、事件或名词,短小精悍但内容丰富而生动,图文并茂,配有100多幅相关的图片,并有详细的文字说明。 |
| ● |
| 相关链接 |
|
|
|
正题名:知道点世界文学
索取号:I209/Q723:1
 
预约/预借
| 序号 | 登录号 | 条形码 | 馆藏地/架位号 | 状态 | 备注 |
| 1 | 285121 | 202851217 | 社科二线400B/400B社科库 12排1列1层/ [索取号:I209/Q723:1] | 在馆 | |
| 2 | 285122 | 202851226 | 文学库108/108文学库 11排3列2层/ [索取号:I209/Q723:1] | 在馆 | |
| 3 | 285123 | 202851235 | 文学库108/108文学库 11排3列2层/ [索取号:I209/Q723:1] | 在馆 | |
| 4 | 285124 | 202851244 | 文学库108/108文学库 11排3列2层/ [索取号:I209/Q723:1] | 在馆 |